LEADER 01246nam a2200289 i 4500 001 000000113562 003 CaOOAMICUS 005 20030327000000.0 008 030327s2001 it u000 u ita u 013 $a86248 020 $a88-467-0484-3 040 $aSeMil$bita 100 1 $aAlzati, Cesare.$0(OLS)http://semarc/name/2564 245 13$aLo spazio romeno tra frontiera e integrazione in età medioevale e moderna /$cCesare Alzati. 260 $aPisa :$bETS,$c2001. 300 $a216 p. ;$c21 cm. 490 0 $aPiccola Biblioteca Gisem ;$v16 500 $aIn preliminari : dedica autografa dell'autore. - Dono del Card. Dionigi Tettamanzi. 650 4$aRomania - Storia religiosa - Sec. 11.-16.$0(OLS)http://semarc/subject/20601 830 0$aPiccola Biblioteca Gisem ;$v16.$0(OLS)http://semarc/title/11833 850 $aSeMil 852 $aSeMil$W1$xVenegono$y1$m3U II 438$j69242$B69242$CSeMilBibl$Z2$F96545 $81 941 1 $a5 961 $aOmaggio: Tettamanzi Card. Dionigi 996 $6020$a88-467-0484-3$9(OLS)http://semarc/number/96572 996 $6245$aLo spazio romeno tra frontiera e integrazione in età medioevale e moderna$9(OLS)http://semarc/title/165827 996 $6260$aPisa :$bETS$9(OLS)http://semarc/publisher/31866